000 00238 a2200097 4500
001 32484
100 _aGhandari, Mohammad
245 _aVideo Coding; an introduction to standerd codecs
260 _aUK
_bIEE
_c1999
090 _c21758
_d21758
942 _aNUST-CAE
_cM
_c13067
999 _c267557
_d267557